A Pictorial Guide to Identitying Australian Architecture : styles and terms from 1788 to the present

Bibliographic Details
Main Author: Apperly, Richard
Other Authors: Irving, Robert
Format: Book
Published: Australia : Angus & Robertson , 1989
Subjects:

MARC

LEADER 00000cam a2200000 7i4500
001 0000002157
002 000002354
005 20000330.0
020 |a 0207162018 
090 0 0 |a 720.994   |b APP 
100 1 |a Apperly, Richard 
245 1 2 |a A Pictorial Guide to Identitying Australian Architecture :   |b styles and terms from 1788 to the present   |c by Richard Apperly,Robert Irring and Peter Reynolds 
260 |a Australia :   |b Angus & Robertson ,   |c 1989 
300 |a 297p. :   |b ill. ;   |c 27cm. 
650 0 0 |a Architecture   |z Australia   |x History 
650 0 0 |a Architecture   |z Australia   |x History   |x Pictorial work 
700 0 |a Irving, Robert 
999 |a 033704   |b BUKU   |c PINJAMAN   |e PERPUSTAKAAN KOMUNITI PETALING JAYA